Central Library OPAC University of Rajshahi

Western civilization since 1500 / (Record no. 54792)

MARC details
000 -LEADER
fixed length control field 00743nam a2200241 a 4500
001 - CONTROL NUMBER
control field 54792
003 - CONTROL NUMBER IDENTIFIER
rucl marc code BD-RjUL
005 - DATE AND TIME OF LATEST TRANSACTION
control field 20211209080153.0
008 - FIXED-LENGTH DATA ELEMENTS--GENERAL INFORMATION
fixed length control field 161113r19641958nyua b 001 0 eng
035 ## - SYSTEM CONTROL NUMBER
System control number (BD-RjUL)54914
040 ## - CATALOGING SOURCE
Original cataloging agency DLC
Transcribing agency DLC
Modifying agency DLC
-- UkOxU
-- BD-RjUL
Language of cataloging eng
041 ## - LANGUAGE CODE
Language code of text/sound track or separate title eng
082 ## - DEWEY DECIMAL CLASSIFICATION NUMBER
Edition number 23
Classification number 940.2
Author mark and year KIW 1964
100 1# - MAIN ENTRY--PERSONAL NAME
Personal name Kirchner, Walther.
9 (RLIN) 163893
245 10 - TITLE STATEMENT
Title Western civilization since 1500 /
Statement of responsibility, etc. Walther Kirchner.
260 ## - PUBLICATION, DISTRIBUTION, ETC. (IMPRINT)
Place of publication, distribution, etc. New York :
Name of publisher, distributor, etc. Barnes & Noble,
Date of publication, distribution, etc. c1958 [printing 1964].
300 ## - PHYSICAL DESCRIPTION
Pagination xix, 360 p. :
Illustrations ill. ;
Size 21 cm.
490 ## - SERIES STATEMENT
Series statement College outline series
504 ## - BIBLIOGRAPHY, ETC. NOTE
Bibliography, etc Includes index and Bibliography
650 #0 - SUBJECT ADDED ENTRY--TOPICAL TERM
Topical term or geographic name as entry element Civilization, Western.
9 (RLIN) 132000
Topical term or geographic name as entry element Civilization, Modern.
9 (RLIN) 163894
942 ## - ADDED ENTRY ELEMENTS (KOHA)
Source of classification or shelving scheme Dewey Decimal Classification
Koha item type Books
Holdings
Lost status Source of classification or shelving scheme Damaged status Not for loan Collection code Permanent Location Current Location Shelving location Date acquired Source of acquisition Cost, normal purchase price Total Checkouts Full call number Date last seen Copy number Koha item type
  Dewey Decimal Classification     Non-fiction Central Library, University of Rajshahi Central Library, University of Rajshahi   27/10/1965 Ideal Library 10.75   940.2 KIW 1964 13/11/2016 C-2 Books
  Dewey Decimal Classification   Not For Loan Non-fiction Central Library, University of Rajshahi Central Library, University of Rajshahi Rare Book Section 30/06/1961 Asia foundation     940.2 KIW 1958 08/02/2017 C-1 Books